000 00392nam a2200133Ia 4500
005 20260328101458.0
008 260328s9999||||xx |||||||||||||| ||und||
100 _aCamacho de Pinto, Teresa
245 0 _aColombia :
_b El Proceso de Urbanizacion y sus factores relacionados /
_cTeresa Camacho de Pinto
260 _bLa Rana y el Águila
300 _a133 p.
650 _aURBANISMO
942 _cBK
999 _c8886
_d8886